Les clubs français en 1/2 finale de Coupe d'Europe - Statistiques

Statistiques générales
  • Ce quiz a été pris 204 fois
  • Le résultat moyen est 10 sur 12
Statistiques - réponses
Nombre de 1/2 finale Club % Correct
9 Olympique de Marseille
100%
4 Olympique Lyonnais
99%
8 Paris Saint-Germain
99%
7 AS Monaco
95%
3 Girondins de Bordeaux
95%
2 AS Saint-Etienne
93%
2 Stade de Reims
90%
2 FC Nantes
89%
1 RC Lens
81%
1 AJ Auxerre
71%
1 SC Bastia
51%
1 FC Sochaux-Montbéliard
50%
Aucun quiz correspondant
Distribution des résultats
% des personnes avec chaque résultat
Percentile par nombre de réponses
Votre historique - résultats
Vous n’avez pas pris ce quiz